La fréquentation des lignes du métro parisien... - Statistiques

Statistiques générales
  • Ce quiz a été pris 82 fois
  • Le résultat moyen est 13 sur 14
Statistiques - réponses
Ligne Réponse % Correct
7 & 7bis / La Courneuve - 8 Mai 1945 Villejuif - Louis Aragon Mairie d'Ivry * Louis Blanc, Pré-Saint-Gervais 4
100%
1 / La Défense Château de Vincennes 1
99%
4 / Porte de Clignancourt Bagneux - Lucie Aubrac 2
97%
9 / Pont de Sèvres Mairie de Montreuil 3
97%
3 & 3 bis / Pont de Levallois - Bécon Gallieni * Gambetta, Porte des Lilas 11
94%
5 / Bobigny - Pablo Picasso Place d'Italie 6
94%
6 / Charles de Gaulle - Étoile, Nation 7
94%
8 / Balard Pointe du Lac 8
94%
4 / Saint-Denis Pleyel Aéroport d'Orly 10
93%
12 / Mairie d'Aubervilliers Mairie d'Issy 12
93%
10 / Boulogne - Pont de Saint-Cloud Gare d'Austerlitz 13
93%
11 / Châtelet Rosny-Bois-Perrier 14
93%
13 / Les Courtilles Saint-Denis - Université Châtillon - Montrouge 5
93%
2 / Porte Dauphine - Nation 9
93%
Aucun quiz correspondant
Distribution des résultats
% des personnes avec chaque résultat
Percentile par nombre de réponses
Votre historique - résultats
Vous n’avez pas pris ce quiz